<?xml version="1.0" encoding="UTF-8"?>
<record
    xmlns:xsi="http://www.w3.org/2001/XMLSchema-instance"
    xsi:schemaLocation="http://www.loc.gov/MARC21/slim http://www.loc.gov/standards/marcxml/schema/MARC21slim.xsd"
    xmlns="http://www.loc.gov/MARC21/slim">

  <leader>01423nam a22002654a 4500</leader>
  <controlfield tag="001">UTEA</controlfield>
  <controlfield tag="005">20251009152353.0</controlfield>
  <controlfield tag="006">g||||gr||||||01 nz</controlfield>
  <controlfield tag="007">ta</controlfield>
  <controlfield tag="008">251009b        es ||||| |||| 00| 0 spa d</controlfield>
  <datafield tag="020" ind1=" " ind2=" ">
    <subfield code="a">9788418418242</subfield>
  </datafield>
  <datafield tag="040" ind1=" " ind2=" ">
    <subfield code="a">UTEA</subfield>
  </datafield>
  <datafield tag="041" ind1=" " ind2=" ">
    <subfield code="a">spa</subfield>
  </datafield>
  <datafield tag="082" ind1=" " ind2=" ">
    <subfield code="a">617.645</subfield>
    <subfield code="b">V19 2020</subfield>
  </datafield>
  <datafield tag="100" ind1=" " ind2=" ">
    <subfield code="a">Valdivia Castro, Sebastiam</subfield>
    <subfield code="e">Autor</subfield>
  </datafield>
  <datafield tag="245" ind1=" " ind2=" ">
    <subfield code="a">Odontolog&#xED;a infantil : </subfield>
    <subfield code="b">conceptos b&#xE1;sicos profesionales / </subfield>
    <subfield code="c">Sebasti&#xE1;m Valdivia Castro</subfield>
    <subfield code="h">[Texto Impreso]</subfield>
  </datafield>
  <datafield tag="250" ind1=" " ind2=" ">
    <subfield code="a">2da. edici&#xF3;n </subfield>
  </datafield>
  <datafield tag="260" ind1=" " ind2=" ">
    <subfield code="a">Ja&#xE9;n </subfield>
    <subfield code="b">Editorial Alcal&#xE1; la Real </subfield>
    <subfield code="c">2020</subfield>
  </datafield>
  <datafield tag="300" ind1=" " ind2=" ">
    <subfield code="a">152 p&#xE1;ginas;</subfield>
    <subfield code="c">17 x 23 cm.</subfield>
  </datafield>
  <datafield tag="505" ind1=" " ind2=" ">
    <subfield code="a">El diente -- desarrollo psicol&#xF3;gico del ni&#xF1;o -- Desarrollo y erupci&#xF3;n dentaria -- Caries dental infantil -- Malformaciones craneofaciales. Atenci&#xF3;n primaria -- Traumatismos dentoalveolares -- P&#xE9;rdidas dentarias prematuros: mantenedores de espacio y pr&#xF3;tesis infantiles -- Cirug&#xED;a oral en odontopediatr&#xED;a -- patolog&#xED;a oral y periodontal en el paciente infantil y adolescente -- Ortodoncia en el ni&#xF1;o -- Anestesia y sedaci&#xF3;n en el paciente infantil -- pacientes con necesidades especiales -- Urgencias en odontopediatr&#xED;a -- Odontolog&#xED;a infantil en la sanidad p&#xFA;blica -- recomendaciones generales.</subfield>
  </datafield>
  <datafield tag="650" ind1=" " ind2=" ">
    <subfield code="a">ERUPCI&#xD3;N DENTARIA</subfield>
    <subfield code="9">59749</subfield>
  </datafield>
  <datafield tag="650" ind1=" " ind2=" ">
    <subfield code="a">DENTOALVEOLARES</subfield>
    <subfield code="9">59750</subfield>
  </datafield>
  <datafield tag="650" ind1=" " ind2=" ">
    <subfield code="a">ODONTOPEDDIATRIA</subfield>
    <subfield code="9">59751</subfield>
  </datafield>
  <datafield tag="942" ind1=" " ind2=" ">
    <subfield code="2">ddc</subfield>
    <subfield code="c">BK</subfield>
    <subfield code="e">2025-10-09</subfield>
    <subfield code="z">Mag. Cecilio Flores Noa</subfield>
  </datafield>
  <datafield tag="952" ind1=" " ind2=" ">
    <subfield code="0">0</subfield>
    <subfield code="1">0</subfield>
    <subfield code="2">ddc</subfield>
    <subfield code="4">0</subfield>
    <subfield code="7">0</subfield>
    <subfield code="8">EPSF3</subfield>
    <subfield code="a">BABA</subfield>
    <subfield code="b">BABA</subfield>
    <subfield code="c">SALA1</subfield>
    <subfield code="d">2025-10-09</subfield>
    <subfield code="e">CP</subfield>
    <subfield code="o">617.645 V19 2020</subfield>
    <subfield code="p">BABA25100137</subfield>
    <subfield code="w">2025-10-09</subfield>
    <subfield code="y">BK</subfield>
    <subfield code="k"></subfield>
  </datafield>
  <datafield tag="999" ind1=" " ind2=" ">
    <subfield code="c">17456</subfield>
    <subfield code="d">17456</subfield>
  </datafield>
</record>
